00950nam a22002417a 45000010005000000030006000050050017000110080041000280200015000690400029000840500015001131000033001282450120001612600040002813000061003214900025003825050008004075200172004155210029005875210020006166000035006367000037006714405FISKH20240820145834.0240820b cb ||||| |||| 00| 0 eng d a0594848233 aFISKHbengcFISKHdFISKH aPZ7.W15938 aWallner, Alexandra eauthor  aStrawberry Shortcake and the Winter That Would Be Not End /cby Alexandra Wallner : illustrated by Mecedes Llimona  aNew York :bRandom House ; c1982.  a41 unnumbered pages : bcolor illustrations ; c29 cm .  aStrawberry Shortcake aK  aIn their search for a stolen magic snow crystal on which the coming of spring depends, the kids and animals of Strawberryland come in contact with a lonely old badger.8 a510 bLexile estimate 8 aK bRaz-Plus  2Strawberry Shortcakevfiction  aLlimona, Mercedes eillustrator